Statistiques concernant Meilleurs gardiens des 5 grands championnats depuis 2010

Cliquez ici pour prendre le quiz!

Statistiques générales

  • Ce quiz a été pris 1 263 fois
    (991 depuis la dernière actualisation)
  • Le résultat moyen est 44 sur 63

Statistiques - réponses

Saison ou annéeChampionnatRéponse% Correct
2020BundesligaManuel Neuer
97%
2015BundesligaManuel Neuer
97%
2016BundesligaManuel Neuer
97%
2011BundesligaManuel Neuer
97%
2017BundesligaManuel Neuer
97%
2014BundesligaManuel Neuer
97%
2016/2017Premier LeagueThibaut Courtois
94%
2019/2020LigaThibaut Courtois
94%
2012/2013LigaThibaut Courtois
94%
2022Série AGianluigi Donnarumma
93%
2021Série AGianluigi Donnarumma
93%
2021/2022Ligue 1Gianluigi Donnarumma
93%
2012BundesligaMarc-André Ter Stegen
90%
2015Série AGianluigi Buffon
89%
2016Série AGianluigi Buffon
89%
2017Série AGianluigi Buffon
89%
2014Série AGianluigi Buffon
89%
2012Série AGianluigi Buffon
89%
2019/2020Premier LeagueEderson
87%
2020/2021Premier LeagueEderson
87%
2013/2014LigaKeylor Navas
86%
2020/2021Ligue 1Keylor Navas
86%
2018Série AAlisson
85%
2018/2019Premier LeagueAlisson
85%
2021/2022Premier LeagueAlisson
85%
2011/2012LigaIker Casillas
83%
2018/2019Ligue 1Mike Maignan
80%
2023Série AMike Maignan
80%
2010/2011Ligue 1Steve Mandanda
78%
2017/2018Ligue 1Steve Mandanda
78%
2015/2016Ligue 1Steve Mandanda
78%
2014/2015Ligue 1Steve Mandanda
78%
2020/2021LigaJan Oblak
77%
2016/2017LigaJan Oblak
77%
2018/2019LigaJan Oblak
77%
2017/2018LigaJan Oblak
77%
2015/2016LigaJan Oblak
77%
2011/2012Ligue 1Hugo Lloris
74%
2017/2018Premier LeagueDavid De Gea
71%
2022/2023Premier LeagueDavid De Gea
71%
2010/2011LigaVictor Valdes
65%
2022/2023Ligue 1Brice Samba
64%
2013/2014Premier LeaguePetr Čech
60%
2015/2016Premier LeaguePetr Čech
60%
2021BundesligaKevin Trapp
58%
2012/2013Ligue 1Salvatore Sirigu
56%
2013/2014Ligue 1Salvatore Sirigu
56%
2019BundesligaYann Sommer
55%
2012/2013Premier LeagueJoe Hart
44%
2010/2011Premier LeagueJoe Hart
44%
2011/2012Premier LeagueJoe Hart
44%
2014/2015Premier LeagueJoe Hart
44%
2011Série ASamir Handanovič
43%
2019Série ASamir Handanovič
43%
2013Série ASamir Handanovič
43%
2016/2017Ligue 1Danijel Subasic
41%
2022BundesligaGregor Kobel
37%
2021/2022LigaYassine Bounou
34%
2014/2015LigaClaudio Bravo
30%
2013/2014Premier LeagueWojciech Szczęsny
30%
2020Série AWojciech Szczesny
30%
2013BundesligaRoman Weidenfeller
18%
2018BundesligaSven Ulreich
8%

Distribution des résultats

Percentile par nombre de réponses

% des personnes avec chaque résultat

Votre développement - résultats

Vous n’avez pas pris ce quiz depuis la dernière actualisation